000 00522nam a2200193Ia 4500
001 21687
003 IN-NITTTR
005 20251114233246.0
008 251113s9999||||xx |||||||||||||| ||eng||
040 _beng
040 _cIN-NITTTR
041 _aeng
082 _aR658.562 T126Q
100 _aTaguchi, Genichi
245 0 _aQuality engineering in production systems /
_cTaguchi, Genichi, Elsayed, Elsayed A., Hsiang,Thomas C.
700 _a Elsayed, Elsayed A.
700 _a Hsiang, Thomas C.
942 _2ddc
_cBK
999 _c24317
_d24317